BSOP header

Rainbow in a fallen world : (Record no. 2786)

MARC details
000 -LEADER
fixed length control field 00969nam a2200193 4500
008 - FIXED-LENGTH DATA ELEMENTS--GENERAL INFORMATION
fixed length control field 010814s1990 us engOX
020 ## - INTERNATIONAL STANDARD BOOK NUMBER
International Standard Book Number 0932914225
090 ## - LOCALLY ASSIGNED LC-TYPE CALL NUMBER (OCLC); LOCAL CALL NUMBER (OCLC)
Classification number (OCLC) (R) ; Classification number, CALL (RLIN) (NR) LC383
Local cutter number (OCLC) ; Book number/undivided call number, CALL (RLIN) R13
100 1# - MAIN ENTRY--PERSONAL NAME
Personal name International Council for the Promotion of Christian Higher Education (ICPCHE)
245 10 - TITLE STATEMENT
Title Rainbow in a fallen world :
Remainder of title unity and diversity of Christian higher education today /
Statement of responsibility, etc International Council for the Promotion of Christian Higher Education (ICPCHE).
260 ## - PUBLICATION, DISTRIBUTION, ETC. (IMPRINT)
Place of publication, distribution, etc USA :
Name of publisher, distributor, etc Dordt College Press,
Date of publication, distribution, etc c1990.
300 ## - PHYSICAL DESCRIPTION
Extent 272 p.
500 ## - GENERAL NOTE
General note Proceedings of the 1987 Conference of the International Council for Promotion of Higher Christian Educatio, Luzaka, Zambia from July 29-August 5,1987.
650 #4 - SUBJECT ADDED ENTRY--TOPICAL TERM
Topical term or geographic name as entry element Bible colleges
General subdivision Addresses, essays, lectures.
650 #4 - SUBJECT ADDED ENTRY--TOPICAL TERM
Topical term or geographic name as entry element Christian education
General subdivision Addresses, essays, lectures.
650 #4 - SUBJECT ADDED ENTRY--TOPICAL TERM
Topical term or geographic name as entry element Christian higher education.
951 ## - EQUIVALENCE OR CROSS-REFERENCE-GEOGRAPHIC NAME/AREA NAME [OBSOLETE] [CAN/MARC only]
General subdivision 00014475
951 ## - EQUIVALENCE OR CROSS-REFERENCE-GEOGRAPHIC NAME/AREA NAME [OBSOLETE] [CAN/MARC only]
-- 23860
-- LC383/R13
-- 070613110943625
-- 2000-12-21
-- GC
Holdings
Withdrawn status Lost status Damaged status Not for loan Home library Current library Shelving location Date acquired Accession number Shelving control number Total Checkouts Full call number Barcode Date last seen Price effective from Koha item type
        BSOP Library BSOP Library GC 12/21/2000 23860 127   LC383/R13 00014475 02/23/2013 02/23/2013 Books
BSOP

Biblical Seminary of the Philippines
  All rights Reserved
  © 2024

CONTACT INFORMATION

Biblical Seminary of the Philippines,
  77-B Karuhatan Road, Valenzuela City,
  PHILIPPINES 1441
  Phone: +632 8292-6795 / 8292-6798
  Fax : +632 8292-6675
  Email: library@bsop.edu.ph